| 000 | 00508nam a22001577a 4500 | ||
|---|---|---|---|
| 003 | macl | ||
| 005 | 20200212130055.0 | ||
| 008 | 200212b xxu||||| |||| 00| 0 eng d | ||
| 040 | _cmacl | ||
| 082 | _a800 | ||
| 100 |
_aकुमार ,शान्ता _970175 |
||
| 245 | _aअंधेरे के दीप | ||
| 260 |
_aदिल्ली _bकिताबघर प्रकाशन _c2015 |
||
| 650 |
_aसमीक्षा एंव शोध निबंध _978136 |
||
| 942 |
_2ddc _cHIN |
||
| 999 |
_c62022 _d62022 |
||